| 000 | 00627nam a2200217Ia 4500 | ||
|---|---|---|---|
| 005 | 20250508165005.0 | ||
| 008 | 008 250505s9999 xx 000 0 eng d | ||
| 020 | _a978-81-321-0503-9 | ||
| 037 | _aTextual | ||
| 040 |
_aFEDL _beng _cFEDL |
||
| 041 |
_aeng _2eng |
||
| 084 |
_a305.4, WYA _qFEDL |
||
| 100 |
_aWyatt Robin _9309277 |
||
| 245 | 0 | _aBroken mirrors: The dowry problem in India | |
| 260 |
_aNew Delhi, India _bSage Publications India Pvt. Ltd. _c2010 |
||
| 300 | _axvi,244p | ||
| 365 |
_aINR _b350 |
||
| 700 |
_a Masood Nazia _9779649 |
||
| 942 |
_cTEXL _h305.4, WYA |
||
| 999 |
_c1392519 _d1392519 |
||